|
|
|
|
| LEADER |
00000cam a2200000 i 4500 |
| 001 |
1/94370 |
| 008 |
080922s1956 gre d |
| 035 |
|
|
|l 10100357
|
| 040 |
|
|
|a GR-MY-UA
|b gre
|e aacr
|
| 041 |
0 |
|
|a gre
|
| 082 |
0 |
|
|a ΑΚΑ 304.809495
|2 (22)
|
| 100 |
1 |
|
|a Σταυρόπουλος, Χαράλαμπος Π.
|
| 245 |
1 |
2 |
|a Η ζωή του έλληνος στην Αμερική :
|b (Πρωτότυπος εθνικοκοινωνική μελέτη εφ' όλων των αφορώντων τον ελληνισμόω της Αμερικής ζητημάτων) /
|c υπό Χαραλάμπους Π. Σταυροπούλου
|
| 260 |
|
|
|a Αθήναι :
|b χ.ο.,
|c 1956
|
| 300 |
|
|
|a 95 σ.;
|c 17 εκ.
|
| 650 |
0 |
0 |
|a Immigrants
|z United States
|x Social conditions.
|
| 651 |
|
0 |
|a Greece
|x Emigration and immigration
|x Social aspects.
|
| 651 |
|
0 |
|a United States
|x Emigration and immigration.
|
| 852 |
|
|
|a INST
|b RHODES
|c AKA
|e 20080922
|h 304.809495 ΣΤΑ
|p 005400028377
|q 005400028377
|t BK
|y 0
|
| 901 |
|
|
|a BIBL4-2008-3
|
| 909 |
|
|
|a Ρ
|b 153298
|
| 970 |
|
|
|a ΜΙΣΣΟΣ
|b ΣΤΑΥΡΟΣ
|z 2008/09/22
|